00534nam a2200205 a 4500001001300000003000900013005001700022008004100039020001000080082001600090100002400106245003600130260005300166300000900219500003500228505001000263650001500273700001900288700002100307nice12345678IN_TiNIC20260116011527.0050524s1956 newa grp 000 0 eng  ac10000a651.02bBEA aBeamer, Esther Kihn aEffective Secretarial Practice. aNew YorkbSouth-Western Publishing Companyc1956 a666p aincludes index and biblioraphy2 aIndex aManagement1 aMarshall Hanna1 aEstelle L Popham